000
00216nam a2200097Ia 4500
008
190216s9999||||xx |||||||||||||| ||und||
100
_a
Namboodiri.A.P.P.
245
0
_a
Rektha Bandhangal
260
_b
Null
942
_c
BK
999
_c
24429
_d
24429